000 00603nam a2200217Ia 4500
005 20230802093243.0
008 131103s9999 xx 000 0 und d
040 _aLoreto College
041 _aEnglish
082 _a551.4
_bJEF
100 _aJeffreys ,Harold
245 4 _aThe Earth
_b its origin history and physical constitution
_cby Harold Jeffreys
250 _a4th ed.
260 _aLondon
_bCambridge University Press
_c1959
300 _axvi,437p
_b ill.maps ,photos
504 _areprinted 1962
650 _aEarth sciences
651 _aEarth sciences
850 _aLCLIB
942 _cBK
999 _c219
_d50698